[Event "Regionalliga NO 0910"]
[Site "Bayern"]
[Date "2010.04.11"]
[Round "9.3"]
[White "Schaeffner, Claus"]
[Black "Sheremet, Mykhaylo"]
[Result "1/2-1/2"]
[WhiteElo "2146"]
[BlackElo "2266"]
[PlyCount "34"]
[EventDate "2009.10.18"]
[EventType "team-tourn"]
[EventRounds "9"]
[EventCountry "GER"]
[SourceTitle "EXT 2011"]
[Source "ChessBase"]
[SourceDate "2010.11.26"]
[SourceVersion "1"]
[SourceVersionDate "2010.11.26"]
[SourceQuality "1"]
[WhiteTeam "Forchheim II"]
[BlackTeam "Fuerth"]
[WhiteTeamCountry "GER"]
[BlackTeamCountry "GER"]

1. d4 d6 2. Nf3 Nf6 3. c4 g6 4. Nc3 Bg7 5. e4 0-0 6. Be2 c5 7. d5 e5 8. 0-0 Nbd7 9. a3 Ng4 10. Ng5 Nh6 11. b4 Qe7 12. Rb1 b6 13. Bd2 f5 14. Ne6 Rf7 15. Ng5 Rf8 16. Ne6 Rf7 17. Ng5 Rf8 1/2-1/2

[Event "Regionalliga NO 0910"]
[Site "Bayern"]
[Date "2009.11.29"]
[Round "3.3"]
[White "Reindl, Wolfgang"]
[Black "Sheremet, Mykhaylo"]
[Result "1/2-1/2"]
[WhiteElo "2018"]
[BlackElo "2266"]
[PlyCount "94"]
[EventDate "2009.10.18"]
[EventType "team-tourn"]
[EventRounds "9"]
[EventCountry "GER"]
[SourceTitle "EXT 2011"]
[Source "ChessBase"]
[SourceDate "2010.11.26"]
[SourceVersion "1"]
[SourceVersionDate "2010.11.26"]
[SourceQuality "1"]
[WhiteTeam "Amberg Siemens"]
[BlackTeam "Fuerth"]
[WhiteTeamCountry "GER"]
[BlackTeamCountry "GER"]

1. d4 d5 2. Nf3 Nf6 3. Bf4 c5 4. c3 Nc6 5. e3 Bg4 6. Nbd2 e6 7. Be2 Bd6 8. Ne5 Bxe2 9. Qxe2 Qc7 10. Nxc6 bxc6 11. Bxd6 Qxd6 12. Nf3 0-0 13. 0-0 cxd4 14. exd4 c5 15. dxc5 Qxc5 16. Ne5 Rfc8 17. Rad1 Qa5 18. a3 Rab8 19. Rd4 Qb5 20. Qxb5 Rxb5 21. Nd3 Rc4 22. Rxc4 dxc4 23. Nb4 a5 24. Rd1 g6 25. Nc6 Nd5 26. g3 Rxb2 27. Nxa5 Nxc3 28. Rd8+ Kg7 29. Nxc4 Rc2 30. Rd2 Ne2+ 31. Kf1 Nxg3+ 32. hxg3 Rxc4 33. Ra2 Ra4 34. Ke2 Kf6 35. Kd3 Ke5 36. Kc3 Ke4 37. Kb3 Ra7 38. Kc4 h5 39. a4 Kf3 40. Kb5 g5 41. a5 f5 42. Kb6 Ra8 43. Kb7 Rd8 44. a6 h4 45. gxh4 gxh4 46. a7 f4 47. Rc2 h3 1/2-1/2